000
00206nam a2200097Ia 4500
008
240331s9999 xx 000 0 und d
082
_b
MAT
100
_a
Mathavan,
245
0
_a
Ulaga athisayangal
942
_c
L
999
_c
3877
_d
3877